Normal view
MARC view
- Political science
Entry Topical Term
001 - CONTROL NUMBER
- control field: 10002
003 - CONTROL NUMBER IDENTIFIER
- control field: NUST
005 - DATE AND TIME OF LATEST TRANSACTION
- control field: 20180221040336.0
008 - FIXED-LENGTH DATA ELEMENTS
- fixed length control field: 180221|| aca||aabn | a|a d
040 ## - CATALOGING SOURCE
- Original cataloging agency: NUST
- Transcribing agency: NUST
150 ## - HEADING--TOPICAL TERM
- Topical term or geographic name entry element: Political science
- General subdivision: History
- Chronological subdivision: 20th century.
670 ## - SOURCE DATA FOUND
- Source citation: Work cat.: (NUST)0: Kymlicka, Will. 10001, Contemporary political philosophy :, 2002.
